000 00290nam a22001217a 4500
008 171127b xxu||||| |||| 00| 0 eng d
041 _aeng
080 _a2
100 _a24
101 _aTEO
245 _aCHRISTIANITY AND THE VISUAL ARTS: KENTUCKY COLLECTIONS
_cHAMMER,V
942 _2udc
_cBK
999 _c38574
_d38574